[Event "52nd Groningen Open"]
[Site "Groningen NED"]
[Date "2014.12.27"]
[Round "6.47"]
[White "Lewin, Tammo"]
[Black "Nguyen, Kevin"]
[Result "1/2-1/2"]
[WhiteElo "2131"]
[BlackElo "1986"]
[WhiteFideId "4668596"]
[BlackFideId "1046349"]
[EventDate "2014.12.21"]

1. d4 Nf6 2. c4 g6 3. Nc3 Bg7 4. e4 d6 5. f3 O-O 6. Be3 Nc6 7. Nge2 a6 8. Qd2
Rb8 9. h4 b5 10. h5 Na5 11. Ng3 Nxc4 12. Bxc4 bxc4 13. Bh6 Ne8 14. Bxg7 Nxg7 15.
hxg6 fxg6 16. Qh6 Rxb2 17. Qxh7+ Kf7 18. Rh6 Rxg2 19. Qxg6+ Kg8 20. Kf1 Rb2 21.
Qh7+ Kf7 22. Qg6+ Kg8 23. Qh7+ 1/2-1/2

[Event "52nd Groningen Open"]
[Site "Groningen NED"]
[Date "2014.12.27"]
[Round "6.48"]
[White "Gieben, Stijn"]
[Black "Henseler, Jorgen"]
[Result "0-1"]
[WhiteElo "2062"]
[BlackElo "2110"]
[WhiteFideId "1034170"]
[BlackFideId "1023233"]
[EventDate "2014.12.21"]

1. e4 c6 2. d4 d5 3. e5 Bf5 4. Nf3 e6 5. Nbd2 c5 6. dxc5 Bxc5 7. Nb3 Bb6 8. Nfd4
Ne7 9. c3 Nd7 10. f4 O-O 11. Be3 Be4 12. Qd2 Nf5 13. Nxf5 Bxf5 14. Be2 Qc7 15.
Bxb6 Qxb6 16. Qd4 Be4 17. O-O Rfc8 18. Rfe1 a6 19. g3 Rc6 20. Qxb6 Nxb6 21. a4
Nc4 22. Bxc4 dxc4 23. Nd4 Rc5 24. Red1 Kf8 25. Rd2 Ke7 26. Re1 Bd5 27. Red1 Rd8
28. Nc2 Ra5 29. Ne3 Rxa4 30. b3 cxb3 31. c4 Bf3 32. Rxd8 Bxd1 33. Rxd1 b2 34.
Nc2 Rxc4 35. Na3 Rc1 36. Rf1 Ra1 37. Nb1 a5 38. Kf2 a4 39. Ke2 a3 40. Nxa3 Rxa3
41. Rb1 Rb3 0-1

[Event "52nd Groningen Open"]
[Site "Groningen NED"]
[Date "2014.12.27"]
[Round "6.49"]
[White "Ratsma, Midas"]
[Black "Dijkstra, Arjan"]
[Result "1-0"]
[WhiteElo "2137"]
[BlackElo "2029"]
[WhiteFideId "1032283"]
[BlackFideId "1021389"]
[EventDate "2014.12.21"]

1. d4 Nf6 2. c4 c5 3. d5 e6 4. Nc3 exd5 5. cxd5 d6 6. Nf3 g6 7. Bf4 Bg7 8. e3
O-O 9. Be2 Nh5 10. Bg5 Qa5 11. O-O f6 12. Bh4 g5 13. Nd2 gxh4 14. Bxh5 b5 15. a4
b4 16. Nb5 Qd8 17. Nc4 f5 18. Nbxd6 Ba6 19. Rc1 Bxb2 20. Rb1 Bg7 21. Nb5 Nd7 22.
Be2 Nf6 23. Ne5 Ne4 24. Nc6 Qd7 25. Qc2 Kh8 26. Rbd1 Bc8 27. f3 a6 28. fxe4 axb5
29. Bxb5 Qe8 30. Qxc5 Qxe4 31. Rf4 Qe8 32. Nxb4 Qh5 33. Rdf1 h3 34. g4 Qg5 35.
d6 Bb7 36. d7 h5 37. Bc6 Ba6 38. Nxa6 Rxa6 39. Kh1 Qh6 40. Rxf5 Rd8 41. Bb7 Rf6
42. Qe7 Rxf5 43. Rxf5 Qb6 44. Rxh5+ Kg8 45. Bd5+ 1-0

[Event "52nd Groningen Open"]
[Site "Groningen NED"]
[Date "2014.12.27"]
[Round "6.50"]
[White "Bhattacharjee, Sourav"]
[Black "Hertel, Johannes"]
[Result "1/2-1/2"]
[WhiteElo "2029"]
[BlackElo "1984"]
[WhiteFideId "1048090"]
[BlackFideId "24694851"]
[EventDate "2014.12.21"]

1. e4 c5 2. Nf3 d6 3. d4 cxd4 4. Nxd4 Nf6 5. Nc3 g6 6. Be3 Bg7 7. f3 O-O 8. Bc4
Nc6 9. Qd2 Bd7 10. O-O-O Rc8 11. Bb3 Ne5 12. h4 h5 13. Bg5 Rc5 14. Kb1 Re8 15.
g4 hxg4 16. h5 Nxh5 17. Nd5 Rxd5 18. Bxd5 Qb6 19. Bb3 Rc8 20. Bxe7 Nc4 21. Bxc4
Rxc4 22. Nb3 gxf3 23. Qd3 d5 24. Qxd5 Be6 25. Qg5 Rxe4 26. Bc5 Qb5 27. Rxh5 gxh5
28. Qxh5 Re1 29. Qxf3 Rxd1+ 30. Qxd1 Bxb3 31. Qd8+ Kh7 32. Qh4+ Bh6 33. Qe4+ Kg8
34. Qg4+ Bg7 35. Qc8+ Kh7 36. Qf5+ Kg8 1/2-1/2

[Event "52nd Groningen Open"]
[Site "Groningen NED"]
[Date "2014.12.27"]
[Round "6.51"]
[White "Jarmany, John"]
[Black "Patzenhauer, Max"]
[Result "1-0"]
[WhiteElo "2023"]
[BlackElo "2000"]
[WhiteFideId "415421"]
[BlackFideId "24690554"]
[EventDate "2014.12.21"]

1. e4 e6 2. d4 d5 3. Nd2 Nf6 4. e5 Nfd7 5. Bd3 c5 6. c3 Nc6 7. Ne2 cxd4 8. cxd4
f6 9. Nf4 Nxd4 10. Qh5+ Ke7 11. exf6+ Nxf6 12. Ng6+ hxg6 13. Qxh8 Kf7 14. Qh4 e5
15. Nf3 Nxf3+ 16. gxf3 Bf5 17. Bxf5 gxf5 18. Bg5 Be7 19. Rc1 Qa5+ 20. Kf1 Rd8
21. Kg2 d4 22. Rhd1 Qxa2 23. Bxf6 Bxf6 24. Qh5+ Kg8 25. Qxf5 Qxb2 26. Qe6+ Kh7
27. Rc7 Qb6 28. Qf7 Qd6 29. Rxb7 a6 30. Rdb1 Rf8 31. Qh5+ Kg8 32. R1b6 Qd5 33.
Rc7 d3 34. Qg6 Be7 35. Qg4 Rxf3 36. Qxf3 e4 37. Rb8+ Kh7 38. Qh3+ Kg6 39. Rxe7
e3+ 40. Qf3 Qg5+ 41. Qg3 e2 42. Rxg7+ 1-0

[Event "52nd Groningen Open"]
[Site "Groningen NED"]
[Date "2014.12.27"]
[Round "6.52"]
[White "Veltman, Anne"]
[Black "Acikel, Mert"]
[Result "0-1"]
[WhiteElo "2012"]
[BlackElo "1917"]
[WhiteFideId "1026917"]
[BlackFideId "12956465"]
[EventDate "2014.12.21"]

1. e4 e5 2. Nf3 Nc6 3. Bc4 Bc5 4. c3 Nf6 5. d3 d6 6. b4 Bb6 7. a4 a5 8. b5 Ne7
9. Bg5 Ng6 10. Qb3 O-O 11. Nbd2 h6 12. Be3 Bxe3 13. fxe3 Ng4 14. Ke2 Qe7 15. h3
Nf6 16. g4 Nh7 17. Rag1 Be6 18. h4 Rad8 19. Nf1 c6 20. Bxe6 fxe6 21. g5 h5 22.
Ng3 Qf7 23. Rf1 Qd7 24. Nxh5 d5 25. exd5 exd5 26. Rhg1 Kh8 27. Nxg7 Kxg7 28. h5
e4 29. dxe4 dxe4 30. Nd4 Ne5 31. g6 Nf3 32. Rg3 Nhg5 33. Qc4 cxb5 34. axb5 Qd5
35. Qxd5 Rxd5 36. c4 Re5 37. Ra1 Rc5 38. Ra4 Kh6 39. Nb3 Rc7 40. b6 Rd7 41. c5
Kxh5 42. g7 Rg8 43. Rxa5 Rgxg7 44. Ra4 Kh4 45. Rxf3 Nxf3 46. Rxe4+ Kg3 47. Nd4
Nxd4+ 48. exd4 Rg5 49. Kd3 Rxc5 50. Re7 Rcd5 51. Rxd7 Rxd7 52. Ke4 Rd6 53. d5
Rxb6 54. Ke5 Rb1 0-1

[Event "52nd Groningen Open"]
[Site "Groningen NED"]
[Date "2014.12.27"]
[Round "6.53"]
[White "Zuiderweg, Edwin"]
[Black "De Boer, Eelke"]
[Result "1-0"]
[WhiteElo "2010"]
[BlackElo "1933"]
[WhiteFideId "1012207"]
[BlackFideId "1048120"]
[EventDate "2014.12.21"]

1. e4 e5 2. Nf3 Nc6 3. d4 exd4 4. Nxd4 Bc5 5. Nxc6 bxc6 6. Bc4 Ne7 7. Bxf7+ Kxf7
8. Qh5+ Kg8 9. Qxc5 h6 10. O-O Kh7 11. Nc3 d6 12. Qd4 d5 13. f3 Qd6 14. Be3 Be6
15. Na4 Rad8 16. Nc5 Bc8 17. Rad1 Qg6 18. Qe5 Rhe8 19. Qxc7 Qh5 20. Qxa7 Kh8 21.
Bd4 dxe4 22. Bxg7+ Kxg7 1-0

[Event "52nd Groningen Open"]
[Site "Groningen NED"]
[Date "2014.12.27"]
[Round "6.54"]
[White "Lemstra, Bart"]
[Black "Dirksen, Marieke"]
[Result "0-1"]
[WhiteElo "1956"]
[BlackElo "2002"]
[WhiteFideId "1034430"]
[BlackFideId "1032160"]
[EventDate "2014.12.21"]

1. d4 Nf6 2. c4 e6 3. Nc3 Bb4 4. e3 b6 5. Ne2 Ba6 6. a3 Be7 7. Nf4 d5 8. Qf3 c6
9. cxd5 exd5 10. Bxa6 Nxa6 11. O-O Rc8 12. b3 O-O 13. Bb2 Bd6 14. Rac1 Qe7 15.
b4 Nc7 16. Rfe1 Ne4 17. Qd1 Nxc3 18. Rxc3 Nb5 19. Rc2 Bxf4 20. exf4 Qd7 21. Qd3
Rfe8 22. Rce2 Nd6 23. Kf1 Rxe2 24. Rxe2 Re8 25. Rxe8+ Qxe8 26. f5 Qe4 27. Qxe4
Nxe4 28. Bc1 Kf8 29. Ke2 Nd6 30. g4 Ke7 31. Bg5+ Kd7 32. h4 Nb5 33. Kd3 Nxa3 34.
h5 Nc4 35. f6 g6 36. hxg6 hxg6 37. f4 Ke6 38. Bh4 Nd6 39. Ke3 Ne4 40. f5+ gxf5
41. g5 a5 42. bxa5 bxa5 43. Be1 a4 44. Bb4 Nxg5 45. Kf4 Ne4 46. Ba3 Nxf6 47. Bf8
Ne4 48. Ba3 Nd2 0-1

[Event "52nd Groningen Open"]
[Site "Groningen NED"]
[Date "2014.12.28"]
[Round "7.1"]
[White "Ipatov, Alexander"]
[Black "Donchenko, Alexander"]
[Result "1/2-1/2"]
[WhiteTitle "GM"]
[BlackTitle "IM"]
[WhiteElo "2599"]
[BlackElo "2523"]
[WhiteFideId "14116731"]
[BlackFideId "24603295"]
[EventDate "2014.12.21"]

1. d4 Nf6 2. c4 e6 3. Nc3 Bb4 4. Nf3 b6 5. g3 Bb7 6. Bg2 Bxc3+ 7. bxc3 d6 8. O-O
O-O 9. Re1 Nbd7 10. Bf1 Ne4 11. Qc2 f5 12. Nh4 Qf6 13. f3 Ng5 14. Bg2 Nf7 15. f4
Bxg2 16. Kxg2 Rae8 17. e4 g6 18. Be3 Qd8 19. exf5 exf5 20. d5 c5 21. dxc6 Qa8
22. Bd4 Qxc6+ 23. Kg1 Nh6 24. Ng2 Ng4 25. h3 Ngf6 26. Ne3 Qf3 27. Qg2 Qxg2+ 28.
Kxg2 h5 29. a4 a5 30. Rab1 Ne4 31. Nd5 Nd2 32. Ra1 Nxc4 33. g4 Kf7 34. Kg3 1/2-1/2

[Event "52nd Groningen Open"]
[Site "Groningen NED"]
[Date "2014.12.28"]
[Round "7.2"]
[White "L'Ami, Erwin"]
[Black "Andriasian, Zaven"]
[Result "1/2-1/2"]
[WhiteTitle "GM"]
[BlackTitle "GM"]
[WhiteElo "2613"]
[BlackElo "2609"]
[WhiteFideId "1007998"]
[BlackFideId "13302000"]
[EventDate "2014.12.21"]

1. d4 d5 2. c4 c6 3. Nf3 Nf6 4. Nc3 dxc4 5. a4 Bf5 6. e3 e6 7. Bxc4 Bb4 8. O-O
Nbd7 9. Qe2 Bg6 10. e4 O-O 11. Bd3 Re8 12. e5 Bxd3 13. Qxd3 Nd5 14. Bd2 Be7 15.
a5 c5 16. Nxd5 exd5 17. Qb5 Rb8 18. Bc3 a6 19. Qa4 Rc8 20. Qb3 c4 21. Qxb7 Nb8
22. Bb4 Rc7 23. Qb6 Qc8 24. Bxe7 Rexe7 25. Qd6 Red7 26. Qa3 Rb7 27. Rac1 Qf8 28.
Qa1 Nc6 29. Rfe1 Re7 30. Rc3 Rb5 1/2-1/2

[Event "52nd Groningen Open"]
[Site "Groningen NED"]
[Date "2014.12.28"]
[Round "7.3"]
[White "Raznikov, Danny"]
[Black "Tiviakov, Sergei"]
[Result "1/2-1/2"]
[WhiteTitle "IM"]
[BlackTitle "GM"]
[WhiteElo "2494"]
[BlackElo "2677"]
[WhiteFideId "2811154"]
[BlackFideId "1008013"]
[EventDate "2014.12.21"]

1. d4 Nf6 2. c4 e6 3. Nc3 Bb4 4. Qc2 O-O 5. Nf3 c5 6. dxc5 Na6 7. g3 Nxc5 8. Bg2
Nce4 9. O-O Nxc3 10. bxc3 Be7 11. e4 d6 12. e5 dxe5 13. Nxe5 Qc7 14. Qe2 Bd6 15.
Bf4 Ne8 16. c5 Qxc5 17. c4 Rb8 18. Rab1 a6 19. Rfd1 b6 20. h4 f6 21. Nd3 Qc7 22.
Be3 Rf7 23. c5 bxc5 24. Rxb8 Qxb8 25. Nxc5 Qb4 26. Nxa6 Qa3 27. Qb5 Re7 28. Nc5
Qxa2 29. Qc6 Bc7 30. Rd2 Qb1+ 31. Kh2 Qb4 32. Qa8 Nd6 33. Rxd6 Bxd6 34. Qxc8+
Kf7 35. Ne4 Rc7 36. Qd8 Be5 37. Bf3 Qf8 38. Qd3 h6 39. Qb5 Qd8 40. Bb6 Qb8 41.
Qa6 Rc6 42. Ng5+ hxg5 43. Bxc6 gxh4 44. Qb7+ Qxb7 45. Bxb7 hxg3+ 46. fxg3 g5 47.
Be3 g4 48. Kg2 f5 49. Bc8 Kf6 50. Kf2 1/2-1/2

[Event "52nd Groningen Open"]
[Site "Groningen NED"]
[Date "2014.12.28"]
[Round "7.4"]
[White "Rakhmanov, Aleksandr"]
[Black "Hovhannisyan, Mher"]
[Result "1/2-1/2"]
[WhiteTitle "GM"]
[BlackTitle "IM"]
[WhiteElo "2647"]
[BlackElo "2511"]
[WhiteFideId "4173708"]
[BlackFideId "13300865"]
[EventDate "2014.12.21"]

1. e4 e6 2. d4 d5 3. exd5 exd5 4. c4 Nc6 5. Nc3 Bb4 6. Be3 Nf6 7. Bd3 O-O 8. Ne2
dxc4 9. Bxc4 Ne7 10. O-O c6 11. Bb3 Bd6 12. Qd2 Nf5 13. Bf4 Bxf4 14. Qxf4 Ne7
15. Qd2 Ned5 16. Nf4 Nxf4 17. Qxf4 Be6 18. Bxe6 fxe6 19. Rfe1 Qd7 20. Re5 Rad8
21. Ne2 Qf7 22. f3 Nd7 23. Qxf7+ Kxf7 24. Ra5 a6 25. Rd1 Ke7 26. Rg5 g6 27. h4
Rf5 28. Rd3 Rb5 29. b3 Nf6 30. Re3 Kf7 31. Kf2 Nd5 32. Re4 Nf6 33. Re3 Nd5 34.
Rd3 h6 35. Rg3 Ra5 36. Rd2 Nf6 37. Ke1 c5 38. dxc5 Rxd2 39. Kxd2 Rxa2+ 40. Kd3
Rb2 41. Nf4 Rxb3+ 42. Kc4 Rb5 43. Nd3 Nd7 44. Rg4 Ra5 45. Kb4 Rb5+ 46. Kc4 Ra5
47. Kb4 Rb5+ 1/2-1/2

[Event "52nd Groningen Open"]
[Site "Groningen NED"]
[Date "2014.12.28"]
[Round "7.5"]
[White "Bok, Benjamin"]
[Black "Svane, Rasmus"]
[Result "1-0"]
[WhiteTitle "GM"]
[BlackTitle "IM"]
[WhiteElo "2572"]
[BlackElo "2507"]
[WhiteFideId "1017063"]
[BlackFideId "4657101"]
[EventDate "2014.12.21"]

1. e4 e6 2. d4 d5 3. Nc3 Nf6 4. e5 Nfd7 5. f4 c5 6. Nf3 Nc6 7. Be3 a6 8. Qd2 b5
9. dxc5 Bxc5 10. Bd3 Qb6 11. Bf2 Bb7 12. a3 O-O 13. O-O f6 14. exf6 Rxf6 15.
Rae1 h6 16. f5 Bxf2+ 17. Qxf2 Qxf2+ 18. Rxf2 exf5 19. Nxd5 Rf7 20. b4 Rd8 21.
Rfe2 Nde5 22. Nxe5 Nxe5 23. Rxe5 Rxd5 24. Rxd5 Bxd5 25. Re5 Be4 26. Bxe4 fxe4
27. Rxe4 Rc7 28. Re6 Rxc2 29. Rxa6 Kf7 30. h3 g6 31. Kh2 Rc3 32. h4 h5 33. Ra5
Kf6 34. g3 Rb3 35. Rxb5 Rxa3 36. Rg5 Rb3 37. b5 Rb2+ 38. Kg1 Ke7 39. Kf1 Kd7 40.
Ke1 Kc7 41. Kd1 Kb6 42. Rxg6+ Kxb5 43. Rg5+ Kc4 44. Rxh5 Kd3 45. Rd5+ Ke4 46.
Rg5 Kd3 47. Kc1 Rh2 48. Rg8 Kc3 49. Rc8+ Kd3 50. Rd8+ Kc3 51. Kd1 Rg2 52. Rg8
Kd3 53. Ke1 Ke3 54. Kf1 Ra2 55. Rf8 Rb2 56. Kg1 Ra2 57. h5 Ra5 58. h6 Ra7 59.
Kg2 Ra2+ 60. Kh3 Ra6 61. Rh8 Kf3 62. Kh4 Ra4+ 63. g4 Rxg4+ 64. Kh5 Kg3 65. h7
Rh4+ 66. Kg6 Rg4+ 67. Kf5 Rg7 68. Rg8 1-0

[Event "52nd Groningen Open"]
[Site "Groningen NED"]
[Date "2014.12.28"]
[Round "7.6"]
[White "Azaladze, Shota"]
[Black "Alsina Leal, Daniel"]
[Result "1/2-1/2"]
[WhiteTitle "IM"]
[BlackTitle "GM"]
[WhiteElo "2499"]
[BlackElo "2540"]
[WhiteFideId "13603027"]
[BlackFideId "2252627"]
[EventDate "2014.12.21"]

1. Nf3 d5 2. g3 Nf6 3. Bg2 c6 4. c4 dxc4 5. O-O Nbd7 6. Na3 Nb6 7. Qc2 g6 8.
Nxc4 Nxc4 9. Qxc4 Bg7 10. d3 a5 11. e4 a4 12. Qc2 O-O 13. d4 Bg4 14. Be3 Qc8 15.
Rfe1 Bxf3 16. Bxf3 Ng4 17. Rac1 Nxe3 18. fxe3 e5 19. d5 Bh6 20. dxc6 1/2-1/2

[Event "52nd Groningen Open"]
[Site "Groningen NED"]
[Date "2014.12.28"]
[Round "7.7"]
[White "Simonian, Tigran"]
[Black "Ma, Qun"]
[Result "0-1"]
[WhiteTitle "IM"]
[BlackTitle "GM"]
[WhiteElo "2406"]
[BlackElo "2621"]
[WhiteFideId "13303597"]
[BlackFideId "8603154"]
[EventDate "2014.12.21"]

1. d4 d5 2. c4 c6 3. cxd5 cxd5 4. Nc3 Nc6 5. Bf4 Nf6 6. e3 Bf5 7. Rc1 e6 8. Qb3
Bb4 9. Bb5 Bxc3+ 10. Rxc3 O-O 11. Bxc6 bxc6 12. f3 Nh5 13. Ne2 Nxf4 14. exf4 a5
15. O-O a4 16. Qa3 Qb6 17. Rfc1 Ra6 18. g4 Bg6 19. Rxc6 Qxc6 20. Rxc6 Rxc6 21.
Qxa4 Rc4 22. Qa7 Rc2 23. Ng3 Bd3 24. Qa3 Bc4 25. Nh5 h6 26. g5 Rb8 27. b3 Bd3
28. Qd6 Rbc8 29. Qe5 Rc1+ 30. Kg2 R8c2+ 0-1

[Event "52nd Groningen Open"]
[Site "Groningen NED"]
[Date "2014.12.28"]
[Round "7.8"]
[White "Van Osch, Mees"]
[Black "Vocaturo, Daniele"]
[Result "0-1"]
[BlackTitle "GM"]
[WhiteElo "2261"]
[BlackElo "2590"]
[WhiteFideId "1035967"]
[BlackFideId "813192"]
[EventDate "2014.12.21"]

1. e4 e6 2. d4 d5 3. Nc3 Nf6 4. e5 Nfd7 5. f4 c5 6. Nf3 Nc6 7. Be3 a6 8. Qd2 b5
9. a3 Qa5 10. Ra2 Qb6 11. Ne2 Qc7 12. g4 h5 13. gxh5 Rxh5 14. Ng3 Rh8 15. Bg2
cxd4 16. Nxd4 Nxd4 17. Bxd4 Bc5 18. c3 Bb7 19. O-O g6 20. Qe3 Rc8 21. b3 Bxd4
22. cxd4 Qc3 23. Qxc3 Rxc3 24. Rf3 Rc7 25. Ne2 Ke7 26. Rc3 Rxc3 27. Nxc3 Rc8 28.
Rc2 Nb8 29. Kf2 a5 30. Rc1 b4 31. axb4 axb4 32. Ne2 Nc6 33. Ra1 Kd7 34. Ke3 Kc7
35. Nc1 Ne7 36. Ra4 Nf5+ 37. Kd3 Bc6 38. Ra7+ Kb6 39. Rxf7 Bb5+ 40. Kd2 Nxd4 41.
Bh3 Rc2+ 42. Kd1 Rxh2 43. Bxe6 Nxe6 44. Rf6 Bd7 45. Rxg6 Kb5 46. f5 Nf4 47. Rf6
Be8 48. e6 Bh5+ 49. Ke1 Rc2 50. e7 Rxc1+ 51. Kd2 Rc7 52. Ke3 Ng2+ 53. Kf2 Rxe7
54. Kxg2 Rb7 0-1

[Event "52nd Groningen Open"]
[Site "Groningen NED"]
[Date "2014.12.28"]
[Round "7.9"]
[White "Ypma, Peter"]
[Black "Ernst, Sipke"]
[Result "0-1"]
[BlackTitle "GM"]
[WhiteElo "2223"]
[BlackElo "2553"]
[WhiteFideId "1027255"]
[BlackFideId "1004689"]
[EventDate "2014.12.21"]

1. c4 e5 2. Nc3 d6 3. g3 f5 4. Bg2 Nf6 5. d4 Be7 6. Nh3 c6 7. O-O Na6 8. e4 O-O
9. dxe5 dxe5 10. Qe2 Nc5 11. Ng5 Qd3 12. Re1 Qxe2 13. Rxe2 h6 14. Nf3 Nfxe4 15.
Nxe4 fxe4 16. Nxe5 Bf6 17. Be3 Na4 18. Ng4 Re8 19. Rb1 Bxg4 20. Rd2 Rad8 21.
Rxd8 Bxd8 22. Bxa7 e3 23. Re1 e2 24. f3 Ba5 25. Bf2 Bxe1 26. Bxe1 Nxb2 27. fxg4
Nd3 0-1

[Event "52nd Groningen Open"]
[Site "Groningen NED"]
[Date "2014.12.28"]
[Round "7.10"]
[White "Werle, Jan"]
[Black "Koop, Thorben"]
[Result "1/2-1/2"]
[WhiteTitle "GM"]
[BlackTitle "FM"]
[WhiteElo "2531"]
[BlackElo "2396"]
[WhiteFideId "1006088"]
[BlackFideId "24661619"]
[EventDate "2014.12.21"]

1. d4 Nf6 2. c4 g6 3. Nf3 Bg7 4. g3 c6 5. Bg2 d5 6. b3 O-O 7. O-O Ne4 8. Bb2 Nd7
9. e3 a5 10. Qe2 a4 11. Na3 e6 12. Rfc1 Qa5 13. Nc2 Re8 14. b4 Qd8 15. c5 b5 16.
cxb6 Ba6 17. Qe1 Nxb6 18. Ne5 Rc8 19. Na3 Bb5 20. Nxb5 cxb5 21. Rxc8 Qxc8 22.
Rc1 Qb7 23. Qe2 Nd6 24. Nd3 Nbc4 25. Nc5 Qe7 26. Bc3 h5 27. Re1 Rd8 28. Rd1 Bf6
29. Be1 Nf5 30. Rd3 Kg7 31. Kh1 Bg5 32. Bc3 Bf6 33. Rd1 Kh7 34. Kg1 Kg7 35. Be1
Rh8 36. Qf3 1/2-1/2

[Event "52nd Groningen Open"]
[Site "Groningen NED"]
[Date "2014.12.28"]
[Round "7.11"]
[White "Brandenburg, Daan"]
[Black "Klekowski, Maciej"]
[Result "0-1"]
[WhiteTitle "GM"]
[WhiteElo "2530"]
[BlackElo "2418"]
[WhiteFideId "1011014"]
[BlackFideId "1132717"]
[EventDate "2014.12.21"]

1. e4 c5 2. Nf3 Nc6 3. d4 cxd4 4. Nxd4 Nf6 5. Nc3 e5 6. Ndb5 d6 7. Bg5 a6 8. Na3
b5 9. Nd5 Be7 10. Bxf6 Bxf6 11. c3 Bg5 12. Nc2 Ne7 13. h4 Bh6 14. a4 bxa4 15.
Ncb4 O-O 16. Rxa4 a5 17. Bc4 Bd7 18. Nxe7+ Qxe7 19. Nd5 Qd8 20. Ra2 a4 21. Qe2
Rb8 22. g3 Kh8 23. O-O g6 24. Rfa1 f5 25. exf5 gxf5 26. Rxa4 Bxa4 27. Rxa4 Qd7
28. Rb4 Rxb4 29. Nxb4 f4 30. Kh2 Qa7 31. Nd3 Qb7 32. Nb4 Qb6 33. Nd3 Qc6 34. Nb4
Qc5 35. Kh3 f3 36. Qf1 e4 37. Bd5 e3 38. fxe3 Qxe3 39. Nd3 Qe2 40. Qb1 f2 0-1

[Event "52nd Groningen Open"]
[Site "Groningen NED"]
[Date "2014.12.28"]
[Round "7.12"]
[White "Popilski, Gil"]
[Black "Baghdasaryan, Vahe"]
[Result "0-1"]
[WhiteTitle "GM"]
[BlackTitle "IM"]
[WhiteElo "2522"]
[BlackElo "2368"]
[WhiteFideId "2809060"]
[BlackFideId "13303139"]
[EventDate "2014.12.21"]

1. e4 c5 2. Nf3 e6 3. d4 cxd4 4. Nxd4 Nc6 5. Nc3 Nf6 6. Nxc6 bxc6 7. e5 Nd5 8.
Ne4 Qc7 9. f4 f5 10. exf6 gxf6 11. Bd2 Rb8 12. c4 Nxf4 13. Qf3 e5 14. O-O-O Be7
15. c5 Ne6 16. Bc4 Nxc5 17. Nxc5 Bxc5 18. Qxf6 Rf8 19. Qg7 Rb7 20. Qxh7 d5 21.
Qh5+ Kd8 22. Rhf1 Rg8 23. Ba6 Rxb2 24. Rf7 Rxd2 25. Rxc7 Rxd1+ 26. Qxd1 Be3+ 27.
Kc2 Bf5+ 28. Bd3 Rxg2+ 29. Kb3 Rd2 30. Qf3 Rxd3+ 31. Ka4 Bc5 32. Rc8+ Ke7 33.
Qxd3 Bxd3 34. Rxc6 Bd6 35. h4 e4 0-1

[Event "52nd Groningen Open"]
[Site "Groningen NED"]
[Date "2014.12.28"]
[Round "7.13"]
[White "Lobzhanidze, Davit"]
[Black "Berkovich, Mark A"]
[Result "1/2-1/2"]
[WhiteTitle "IM"]
[BlackTitle "IM"]
[WhiteElo "2433"]
[BlackElo "2362"]
[WhiteFideId "13600796"]
[BlackFideId "2801639"]
[EventDate "2014.12.21"]

1. e4 c5 2. Nf3 g6 3. d4 cxd4 4. Nxd4 Bg7 5. Be2 Nc6 6. Nb3 Nf6 7. Nc3 O-O 8.
O-O a5 9. a4 Nb4 10. Bg5 d5 11. exd5 Nfxd5 12. Nxd5 Qxd5 13. Bxe7 Re8 14. Bxb4
Qxd1 15. Raxd1 axb4 16. Bb5 Rf8 17. Nd4 Bg4 18. f3 Rfd8 19. c3 bxc3 20. bxc3 Bd7
21. Ne2 Be6 22. Kf2 Rdc8 23. Rd3 Bc4 24. Bxc4 Rxc4 25. Rb1 Rcxa4 26. Rxb7 h6 27.
Rd6 Be5 28. Rdd7 Ra2 29. Rxf7 Bxc3 30. Rfe7 Bf6 31. Re6 Rf8 32. Kg3 Rf7 33. Rb8+
Kg7 34. Rbe8 Rd2 35. Re4 Rf8 36. R8e6 g5 37. h4 gxh4+ 38. Kh3 Kf7 39. Ra6 Rd1
40. Ra7+ Kg8 41. Nf4 1/2-1/2

[Event "52nd Groningen Open"]
[Site "Groningen NED"]
[Date "2014.12.28"]
[Round "7.14"]
[White "Biolek, Richard Jr."]
[Black "Brzeski, Maciej"]
[Result "1-0"]
[WhiteTitle "IM"]
[WhiteElo "2446"]
[BlackElo "2332"]
[WhiteFideId "319996"]
[BlackFideId "1121537"]
[EventDate "2014.12.21"]

1. d4 Nf6 2. c4 c5 3. d5 e6 4. Nc3 exd5 5. cxd5 d6 6. e4 g6 7. f4 Bg7 8. e5 dxe5
9. fxe5 Nfd7 10. e6 fxe6 11. dxe6 Nf6 12. Qxd8+ Kxd8 13. Bf4 Nc6 14. O-O-O+ Nd4
15. Bc4 1-0

[Event "52nd Groningen Open"]
[Site "Groningen NED"]
[Date "2014.12.28"]
[Round "7.15"]
[White "Stegariu, Vlad-Ionut"]
[Black "Dobrov, Vladimir"]
[Result "0-1"]
[BlackTitle "GM"]
[WhiteElo "2268"]
[BlackElo "2495"]
[WhiteFideId "1217860"]
[BlackFideId "4136594"]
[EventDate "2014.12.21"]

1. e4 c5 2. Nf3 d6 3. d4 cxd4 4. Nxd4 Nf6 5. Nc3 a6 6. Be3 e6 7. f3 b5 8. Qd2 h5
9. O-O-O Bb7 10. a3 Nbd7 11. Bd3 Rc8 12. Rhe1 e5 13. Nb3 Be7 14. Kb1 g6 15. g3
Kf8 16. h3 Kg7 17. f4 Qc7 18. Qf2 Qb8 19. f5 Rxc3 20. bxc3 Qc7 21. fxg6 fxg6 22.
Bc1 Nb6 23. g4 hxg4 24. hxg4 Na4 25. Bb2 Nxb2 26. Kxb2 Rc8 27. Rh1 Bxe4 28. Bxe4
Qxc3+ 29. Kb1 Nxe4 30. Rh7+ Kxh7 31. Qf7+ Kh6 32. Rh1+ Kg5 33. Qxe7+ Kf4 34. Rh2
Qg3 35. Rh1 Rxc2 36. Qf7+ Ke3 37. Qa7+ Kd3 38. Nc1+ Kd2 39. Qf7 Nc3+ 40. Ka1
Rxc1+ 0-1

[Event "52nd Groningen Open"]
[Site "Groningen NED"]
[Date "2014.12.28"]
[Round "7.16"]
[White "Baskin, Robert"]
[Black "Wan, Yunguo"]
[Result "1/2-1/2"]
[BlackTitle "IM"]
[WhiteElo "2287"]
[BlackElo "2482"]
[WhiteFideId "24662402"]
[BlackFideId "8603189"]
[EventDate "2014.12.21"]

1. e4 e5 2. Nf3 Nc6 3. Bb5 a6 4. Ba4 Nf6 5. d3 b5 6. Bb3 Bc5 7. Nc3 d6 8. Nd5 h6
9. Nxf6+ Qxf6 10. Bd5 Bd7 11. Be3 Rd8 12. Bxc5 dxc5 13. Bxc6 Bxc6 14. Qe2 O-O
15. O-O Bd7 16. Qe3 Qd6 17. Nd2 Be6 18. Nb3 Bxb3 19. axb3 Rb8 20. f4 1/2-1/2